Kraje które gościły finał sezonu F1 - Statystyki

Ogólne statystyki
  • Ten quiz został rozwiązany 32 razy
  • Średni wynik to 3 z 14
Answers on the Grid
Answers color-coded by a green-red scale on the quiz's grid according to % correct below.
Zjednoczone Emiraty Arabskie
Monako
Arabia Saudyjska
Rosja
Włochy
Węgry
Australia
Indie
USA
Belgia
Malezja
Brazylia
Holandia
Szwecja
RPA
Szwajcaria
Maroko
Austria
Japonia
Korea Południowa
Chiny
Meksyk
Francja
Hiszpania
Argentyna
Katar
Portugalia
Niemcy
Azerbejdżan
Kanada
 
Statystyki odpowiedzi
Odpowiedź % Poprawnych
Zjednoczone Emiraty Arabskie
85%
Brazylia
50%
USA
46%
Włochy
46%
Australia
27%
Japonia
23%
Hiszpania
12%
Malezja
12%
RPA
12%
Meksyk
8%
Portugalia
8%
Chiny
4%
Kanada
4%
Maroko
4%
Nie znaleziono quizów pasujących do podanych kryteriów
Rozkład punktacji
Procent ludzi z każdym wynikiem
Percentyl według liczby udzielonych odpowiedzi
Twoja historia wyników
Nie rozwiązałeś tego quizu